Michigan Cities A-Z - Statistics

General Stats
  • This quiz has been taken 75 times
    60 since last reset
  • The average score is 19 of 25
Answer Stats
Letter HInt Answer % Correct
M Capital of Alabama Montgomery
98%
L The Capital Lansing
96%
A Capital of GA Atlanta
94%
J Named after the 7th US president Jackson
94%
Q Named for US president #6 Quincy
92%
C Capital of NV Carson City
90%
D Motown or Hockeytown Detroit
90%
O ______ English Dictionary Oxford
86%
V Capital of Austria Vienna
86%
Y Ivy League College Yale
86%
E Clint ________, actor in 15:17 to Paris and Bridges of Madison County Eastwood
84%
K Kazoo or K-Zoo Kalamazoo
82%
N Oslo, Lillehammer, Longyearbyen Norway
82%
P Arnold ______, Pro Golfer, Ice tea and Lemonade Palmer
82%
H Tulip City, Named after the Dutch provinces where the settlers came from Holland
80%
S the Arch, Missouri St. Louis
78%
B College in CA Berkeley
71%
F _____ and Steel Flint
69%
Z Named after the Dutch province where the settlers came from Zeeland
65%
G Furniture City, USA Grand Rapids
63%
R think monopoly (one of the railroads) Reading
57%
U Named after the NY city of the same name Utica
55%
W ______, Texas Ranger Walker
51%
I Island group in Greece Ionia
24%
T Turkish city in Çanakkale Province Troy
16%
No matching quizzes found
Score Distribution
Percent of People with Each Score
Percentile by Number Answered
Your Score History
You have not taken this quiz since the last reset